Library Banner

University teaching (Record no. 55330)

MARC details
000 -LEADER
fixed length control field 00465nam a2200181Ia 4500
001 - CONTROL NUMBER
control field 58064
008 - FIXED-LENGTH DATA ELEMENTS--GENERAL INFORMATION
fixed length control field 140507s9999 xx 000 0 und d
020 ## - INTERNATIONAL STANDARD BOOK NUMBER
International Standard Book Number 9780415524315
040 ## - CATALOGING SOURCE
Transcribing agency PK-LaUMT
082 ## - DEWEY DECIMAL CLASSIFICATION NUMBER
Classification number 378.125
Item number HAR-U
100 ## - MAIN ENTRY--PERSONAL NAME
Personal name Harland, Tony
245 ## - TITLE STATEMENT
Title University teaching
Remainder of title an introductory guide
Statement of responsibility, etc Harland, Tony
260 ## - PUBLICATION, DISTRIBUTION, ETC. (IMPRINT)
Place of publication, distribution, etc London,UK:
Name of publisher, distributor, etc Routledge,
Date of publication, distribution, etc 2012
300 ## - PHYSICAL DESCRIPTION
Extent 120 p.
546 ## - LANGUAGE NOTE
Language note EN
650 ## - SUBJECT ADDED ENTRY--TOPICAL TERM
Topical term or geographic name as entry element College teaching-handbook
942 ## - ADDED ENTRY ELEMENTS (KOHA)
Koha item type Books
Holdings
Withdrawn status Lost status Damaged status Not for loan Home library Current library Date acquired Total Checkouts Full call number Barcode Date last seen Price effective from Koha item type
        UMT Main Campus UMT Main Campus 2014-05-07   378.125 HAR-U 76933 2014-05-08 2014-05-08 Books